<?xml version="1.0" encoding="UTF-8"?>
<record
    xmlns:xsi="http://www.w3.org/2001/XMLSchema-instance"
    xsi:schemaLocation="http://www.loc.gov/MARC21/slim http://www.loc.gov/standards/marcxml/schema/MARC21slim.xsd"
    xmlns="http://www.loc.gov/MARC21/slim">

  <leader>01055nam a22002775i 4500</leader>
  <controlfield tag="001">167745</controlfield>
  <controlfield tag="003">ES-MaACL</controlfield>
  <controlfield tag="005">20250729063240.0</controlfield>
  <controlfield tag="008">991221s1876    fr           |||| | fre d</controlfield>
  <datafield tag="040" ind1=" " ind2=" ">
    <subfield code="a">M-RACE </subfield>
    <subfield code="b">spa </subfield>
    <subfield code="c">M-RACE </subfield>
    <subfield code="d">CCPB | B</subfield>
  </datafield>
  <datafield tag="100" ind1="1" ind2=" ">
    <subfield code="a">Vogel, Hermann Wilhelm,</subfield>
    <subfield code="d">1834-1898</subfield>
    <subfield code="e">aut</subfield>
    <subfield code="9">133820</subfield>
  </datafield>
  <datafield tag="245" ind1="1" ind2="3">
    <subfield code="a">La photographie et la chimie de la lumi&#xE8;re / </subfield>
    <subfield code="c">par H. Vogel</subfield>
  </datafield>
  <datafield tag="260" ind1=" " ind2=" ">
    <subfield code="a">Paris : </subfield>
    <subfield code="b">Librairie Germer Bailli&#xE8;re et C&#xAA;, </subfield>
    <subfield code="c">1876</subfield>
  </datafield>
  <datafield tag="300" ind1=" " ind2=" ">
    <subfield code="a">223 p&#xE1;ginas : </subfield>
    <subfield code="b">ilustraciones ; </subfield>
    <subfield code="c">22 cm</subfield>
  </datafield>
  <datafield tag="490" ind1="1" ind2=" ">
    <subfield code="a">Biblioteca cient&#xED;fica internacional</subfield>
  </datafield>
  <datafield tag="500" ind1=" " ind2=" ">
    <subfield code="a">&#xCD;ndices</subfield>
  </datafield>
  <datafield tag="530" ind1=" " ind2=" ">
    <subfield code="a">Disponible en formato digital </subfield>
  </datafield>
  <datafield tag="650" ind1=" " ind2="7">
    <subfield code="a">Fotograf&#xED;a</subfield>
    <subfield code="2">embne</subfield>
    <subfield code="9">12943</subfield>
  </datafield>
  <datafield tag="650" ind1=" " ind2="7">
    <subfield code="a">Fotoqu&#xED;mica</subfield>
    <subfield code="2">embne</subfield>
    <subfield code="9">241421</subfield>
  </datafield>
  <datafield tag="830" ind1=" " ind2="0">
    <subfield code="9">234654</subfield>
    <subfield code="a">Biblioteca cient&#xED;fica internacional </subfield>
  </datafield>
  <datafield tag="852" ind1=" " ind2=" ">
    <subfield code="a">ES-MaACL</subfield>
    <subfield code="c">SPP2</subfield>
    <subfield code="j">F-14453 </subfield>
    <subfield code="x">Tela</subfield>
  </datafield>
  <datafield tag="856" ind1=" " ind2=" ">
    <subfield code="u">https://gallica.bnf.fr/ark:/12148/bpt6k1091103j</subfield>
    <subfield code="y">Versi&#xF3;n en l&#xED;nea</subfield>
    <subfield code="z">(Gallica. Biblioth&#xE8;que nationale de France)</subfield>
  </datafield>
  <datafield tag="942" ind1=" " ind2=" ">
    <subfield code="2">udc</subfield>
    <subfield code="c">MONANT</subfield>
    <subfield code="n">0</subfield>
  </datafield>
  <datafield tag="999" ind1=" " ind2=" ">
    <subfield code="c">167745</subfield>
    <subfield code="d">167745</subfield>
  </datafield>
  <datafield tag="952" ind1=" " ind2=" ">
    <subfield code="0">0</subfield>
    <subfield code="1">0</subfield>
    <subfield code="4">0</subfield>
    <subfield code="7">0</subfield>
    <subfield code="8">LIBXIX</subfield>
    <subfield code="a">ATENEOM</subfield>
    <subfield code="b">ATENEOM</subfield>
    <subfield code="c">SPP2</subfield>
    <subfield code="d">2008-01-17</subfield>
    <subfield code="e">SSC</subfield>
    <subfield code="l">0</subfield>
    <subfield code="o">F-14453</subfield>
    <subfield code="p">1175981</subfield>
    <subfield code="r">2023-02-23 00:00:00</subfield>
    <subfield code="w">2023-02-23</subfield>
    <subfield code="y">MONANT</subfield>
  </datafield>
</record>
